[Event "Provincial-ch Valencia Segunda"]
[Site "Valencia"]
[Date "2014.10.04"]
[Round "2.1"]
[White "Vivo Ippolito, Jose Vicente"]
[Black "Ochando Casany, Marc"]
[Result "0-1"]
[WhiteElo "1356"]
[BlackElo "1732"]
[PlyCount "66"]
[EventDate "2014.09.27"]
[EventType "swiss"]
[EventRounds "7"]
[EventCountry "ESP"]
[SourceTitle "EXT 2024"]
[Source "ChessBase"]
[SourceDate "2023.10.10"]
[SourceVersion "1"]
[SourceVersionDate "2023.10.10"]
[SourceQuality "1"]

1. e4 d5 2. exd5 Nf6 3. d4 Nxd5 4. Nc3 Nxc3 5. bxc3 g6 6. Be2 Bg7 7. h3 c5 8. Nf3 Nc6 9. 0-0 0-0 10. Be3 Qa5 11. Qd2 Rd8 12. Rfd1 Bf5 13. Qc1 Qxc3 14. Bd3 Nxd4 15. Nxd4 cxd4 16. Bd2 Qc5 17. Qb2 b6 18. Bb4 Qc7 19. Rac1 e5 20. g4 Bxd3 21. cxd3 Qb7 22. Qe2 Rac8 23. Bd2 Qd5 24. Bg5 f6 25. Bh4 g5 26. Bg3 Bf8 27. h4 h6 28. hxg5 hxg5 29. f4 gxf4 30. Bh4 Qe6 31. Rf1 Bh6 32. Qg2 Rxc1 33. Rxc1 f3 0-1